000 00899cam a22002054a 4500
005 20250605164118.0
008 250528s ||||||||||||||||||||||||d
035 _a18157
020 _a697081281
040 _aGR-AtMCL
_bgre
_dGR-AtMCL
_eAACR2
245 1 _aFundamentals of Structured COBOL Programming / Third Edition
250 _a3rd
260 _bWm. C. Brown Publishers,
_c1978
300 _a644
520 _aPreface, Acknowledgement, Basic Computer Concepts, Introduction to Programming, An Overview of COBOL Programming, Writing COBOL Programs, Identification and Environment Divisions, Data Division, Structured Programming, Procedure Division, Table Handling, Report Writer Feature, Sort Feature, Direct Access, Declaratives and Linkage Sections, COBOL Programming Techniques, Appendices.
700 1 _aFeingold Carl
_94448
942 _cBK
999 _c3538
_d3538